01014nam a22001577a 450000500170000000800410001704100080005804400070006624502850007326000940035830000190045250002050047150400310067652001030070765000460081020170603020001.0131106b2008 ck ||||| |||| 00| 0 spa d aspa ack aFortalecimiento de la cadena de valor de turismo sostenible del municipio de Suesca, a través del acompañamiento al comité del turismo de Suesca y la implementación de acciones del plan de uso público del corredor ecoturísmo Rocas de Suesca y San MarinobInforme final aBogotabInstituto de Investigación de Recursos Biológicos Alexander von HumboldtcSf a107 p.c29 cm. aInforme tecnico Convenio de asociacion 08-307 Corporacion Autonoma Regional de Cundinamarca - Fundacion Endesa Colombia e Instituto de Investigación de Recursos Biológicos Alexander von Humboldt aIncluye bibliografía, cd aFortalecimiento de la cadena de valor de turismo sostenible del municipio de Suesca (Cundinamarca) aTurismo sostenible zSusca (Cundinamarca)